000 00611nam a22002417a 4500
003 UA-OsUOA
001 50954
007 ta
008 20071128b un ||||| |||| 00| 0 ukr d
100 _aАртазей І.
090 _a82-94
_bА86
942 _cBK
040 _aUA-OsUOA
_bukr
_cUA-OsUOA
_dUA-OsUOA
245 _aОчевидність
300 _a280 с.
955 _a3
041 _aukr
080 _a82-94
020 _a966-517-434-7
260 _aЛуцьк
_bНадстир'я
_c2007
650 7 _a82 Література. Літературознавство
_2UDC
999 _c337055
_d337055